MARC

LEADER 00000nam0a2200000 4500
001 106373
005 20231101214652.0
035 |a (RuTPU)RU\TPU\book\114787 
090 |a 106373 
100 |a 20061205d1952 km y0rusy50 ca 
101 0 |a rus 
102 |a RU 
105 |a y a 001zy 
200 1 |a Ученые труды ЦНИПС за 25 лет (1927-1952)  |e сборник аннотаций  |f Центральный научно-исследовательский институт промышленных сооружений; под ред. А. Е. Денисова, сост. Г. С. Тихомирова 
210 |a Москва  |c Госстройиздат  |d 1952 
215 |a 287 с. 
320 |a Алфавитный указатель авторов: с. 281-286. 
610 1 |a строительство 
610 1 |a строительство 
610 1 |a стройиндустрия 
610 1 |a промышленное строительство 
610 1 |a конструкции строительные 
610 1 |a железобетонные конструкции 
610 1 |a каменные конструкции 
610 1 |a бетоны 
610 1 |a строительная механика 
610 1 |a отопление 
610 1 |a вентиляция 
610 1 |a аннотации 
610 1 |a библиографические указатели 
675 |a 69(01)  |v 3 
702 1 |a Денисов  |b А. Е.  |4 340 
702 1 |a Тихомиров  |b Г. С.  |4 220 
712 0 2 |a Центральный научно-исследовательский институт промышленных сооружений  |2 stltpush  |3 (RuTPU)RU\TPU\col\9002  |9 24643 
801 1 |a RU  |b 63413507  |c 20061205  |g PSBO 
801 2 |a RU  |b 63413507  |c 20071106  |g PSBO 
942 |c BK